000 00644nam a2200193Ia 4500
003 GCL
008 140319s9999 xx 000 0 ara d
040 _aGCL /
_cGCL
082 0 4 _a916
_bا ا
100 1 _aاحمد نجم الدين فليجة
245 1 0 _aافريقيا دراسة عامة واقليمية /
_cاحمد نجم الدين فليجة
300 _a575 ص
490 _a100 قصة
_v0
650 0 4 _aافريقيا - تاريخ
650 0 4 _aافريقيا - مناخ
650 0 4 _aافريقيا - الاحوال الاقتصادية
650 0 4 _aافريقيا - الاحوال الاجتماعية
942 _2ddc
_cBK
999 _c45609
_d45609